000 00719nam a2200169 i 4500
001 183809
003 ES-MaACL
005 20230906221956.0
008 141020n1869 sp |||| ||spa d
245 0 1 _a[Descripción meteorológica de la Isla de Fernando Póo
_b: (Apéndice al "Resúmen de las observaciones meteorológicas efectuadas en la Península Ibérica, durante el año 1869. publicado por el Observatorio de Madrid)].
260 _a[S.l.] :
_b[s.n.],
_c[1869?]
300 _aP. [405]-428 ;
_c22 cm.
594 _aTítulo tomado de principio del texto, sin portada.
651 _aFernando Poo-
_xDescripción.
_98652
710 2 _aObservatorio Astronómico de Madrid.
_96005
852 _aES-MaACL
_jT-557-F-4
999 _c183809
_d183809